| 000 | 01020cab a2200181 4500 | ||
|---|---|---|---|
| 001 | ##L132407 | ||
| 008 | 060203n2006 000 0 eng u | ||
| 035 | _a(Sirsi) u132407 | ||
| 041 | 0 | _aeng | |
| 100 | 1 | _aJansen, Mark | |
| 245 | 0 | 2 | _aA victory for common sense |
| 260 | _c2006 | ||
| 490 | 0 |
_aProperty Week _v71(4) 27 January 2006, 72-74(1) |
|
| 520 | _aRICS has won an important victory in its long-running battle with the Treasury and the Financial Services Authority over the regulation of property managers and building surveyors - they have won the right to licence the industry and reduce bureaucracy. The institution is to be awarded 'designated professional body' status by the Treasury, giving it the authority to licence surveyors for insurance activities. RICS has devised its own system of regulations for insurance which promises to be a much simplified version of the Financial Service Authorities existing practice. | ||
| 590 | _aIKA140206 | ||
| 650 | 2 | 4 | _aFINANCIAL SERVICES AUTHORITY |
| 942 | _n0 | ||
| 999 |
_c76423 _d76423 |
||